Biotechnology (Record no. 4185)

MARC details
000 -LEADER
fixed length control field 00376nam a22001697a 4500
005 - DATE AND TIME OF LATEST TRANSACTION
control field 20160627111527.0
008 - FIXED-LENGTH DATA ELEMENTS--GENERAL INFORMATION
fixed length control field 160627b xxu||||| |||| 00| 0 eng d
020 ## - INTERNATIONAL STANDARD BOOK NUMBER
ISBN 81-85939-90-3
041 ## - LANGUAGE CODE
Language code of text/sound track or separate title eng
082 ## - DEWEY DECIMAL CLASSIFICATION NUMBER
Item number 10267
100 ## - MAIN ENTRY--AUTHOR NAME
Personal name Kumar, H.D.
245 ## - TITLE STATEMENT
Title Biotechnology
260 ## - PUBLICATION, DISTRIBUTION, ETC. (IMPRINT)
Name of publisher East West
Year of publication 2003
300 ## - PHYSICAL DESCRIPTION
Number of Pages 590
650 ## - SUBJECT ADDED ENTRY--TOPICAL TERM
Topical Term Agriculture
942 ## - ADDED ENTRY ELEMENTS (KOHA)
Koha item type Books
Holdings
Lost status Damaged status Collection code Home library Current library Shelving location Date acquired Cost, normal purchase price Full call number Accession Number Koha item type
    Reference JRU Library JRU Library SHELF-2-B 27/06/2016 295.00 572.8 10267 Books